000 00517nam a2200193Ia 4500
005 20250326142040.0
008 250326s9999 xx 000 0 und d
020 _a0-06-015543-4
037 _aTextbook
040 _aFMSL
_beng
_cFMSL
041 _aeng
_2eng
084 _aS:6 M6
_qFMSL
100 _aTuleja Tad
_9745483
245 0 _aFran tarkenton how to motivate people
_cTuleja Tad
260 _aNY
_bNY, Harper & Row
_c1986
300 _a243p
942 _cTB
_hS:6 M6
999 _c1293195
_d1293195